| 000 | 00866nam a22002057a 4500 | ||
|---|---|---|---|
| 999 |
_c11520 _d11520 |
||
| 003 | AR-CdUCM | ||
| 008 | 190404b ||||| |||| 00| 0 spa d | ||
| 040 |
_aMUNICIPALIDAD PROVINCIAL DEL CUSCO _cBIBLIOTECA MUNICIPAL DEL CUSCO |
||
| 082 |
_a809 / _bV38 / 1941 |
||
| 100 |
_aVela, Arqueles, _928936 |
||
| 245 | _aEvolución histórica de la literatura universal / | ||
| 260 |
_aMéxico, D.F : _bEds. Fuente Cultural, _c1941. |
||
| 300 |
_a455 paginas ; _c22 cm. |
||
| 505 | _aContenido : Del método para una explicación del arte y de la literatura -- Origen del arte y de los estilos -- Literaturas primitivas -- Literatura de las épocas feudales -- Literaturas medievales... | ||
| 650 |
_aLiteratura mundial _96439 |
||
| 650 |
_aHistoria de la literatura _919724 |
||
| 650 |
_aLiteratura de todos los tiempos _928937 |
||
| 942 |
_2ddc _cLIBROS |
||
| 945 | _awnts | ||